| 000 | 00498cab a2200193 4500 | ||
|---|---|---|---|
| 001 | X1395 | ||
| 008 | 090401t1994 xxu||||| |||| 00| 0 eng d | ||
| 035 | _a(Sirsi) u16791 | ||
| 041 | _aeng | ||
| 245 | _aStud partitions and rebus | ||
| 260 | _c1994 | ||
| 350 | _a0 | ||
| 490 |
_aThe Impugner (RICS Rating Diploma Holders` Section) _vApril 1994, 2-5(4) |
||
| 650 | _aRICS CODE OF MEASURING PRACTICE | ||
| 650 | _aSHOPS | ||
| 690 | _aRATING AND VALUATION | ||
| 942 | _n0 | ||
| 948 | _c04/03/1997 | ||
| 999 |
_c11106 _d11106 |
||